000 00337nam a22001457a 4500
020 _a81-87349-14-X
082 _a823
_bBHA/C
100 _aBHANOT, REINU
245 _aCLASSIC TALES FOR CHILDREN
_bSHORT STORY
260 _aNEW DELHI
_bARORA BOOK COMPANY
300 _a64
520 _aSHORT STORY
650 _aSHORT STORY
942 _cBK
999 _c3688
_d3688